|
|
|
|
| LEADER |
02048nam a2200517 i 4500 |
| 001 |
nkc20162801677 |
| 003 |
CZ PrNK |
| 005 |
20160805072747.0 |
| 007 |
ta |
| 008 |
160601t20162016xr ac e f 001 0 cze |
| 015 |
|
|
|a cnb002801677
|
| 020 |
|
|
|a 978-80-7336-829-6 :
|c (vázáno)
|
| 035 |
|
|
|a (OCoLC)956489334
|
| 040 |
|
|
|a OLA001
|b cze
|e rda
|
| 041 |
1 |
|
|a cze
|h eng
|
| 072 |
|
7 |
|a 615.8
|x Fyzioterapie. Psychoterapie. Alternativní lékařství
|2 Konspekt
|9 14
|
| 080 |
|
|
|a 615.8.015.32
|2 MRF
|
| 080 |
|
|
|a 159.9.072.5
|2 MRF
|
| 080 |
|
|
|a (035)
|2 MRF
|
| 100 |
1 |
|
|a Sankaran, Rajan,
|d 1960-
|7 pag2009500052
|4 aut
|
| 240 |
1 |
0 |
|a Other song.
|l Česky
|
| 245 |
1 |
0 |
|a Moderní homeopatie :
|b objevte svou živočišnou, minerální nebo rostlinnou podstatu /
|c Rajan Sankaran ; z anglického originálu Homeopathy for today's world ... přeložila Daiana Krhutová
|
| 250 |
|
|
|a Vydání první
|
| 264 |
|
1 |
|a Olomouc :
|b Fontána,
|c [2016]
|
| 264 |
|
4 |
|c ©2016
|
| 300 |
|
|
|a 295 stran :
|b ilustrace, portréty ;
|c 22 cm
|
| 336 |
|
|
|a text
|b txt
|2 rdacontent
|
| 337 |
|
|
|a bez média
|b n
|2 rdamedia
|
| 338 |
|
|
|a svazek
|b nc
|2 rdacarrier
|
| 500 |
|
|
|a "Původně vyšlo v Indii ... pod názvem The other song: discovering your parallel self"--Rub titulní stránky
|
| 500 |
|
|
|a Obsahuje rejstřík
|
| 650 |
0 |
7 |
|a homeopatie
|7 ph120788
|2 czenas
|
| 650 |
0 |
7 |
|a homeopatická terapie
|7 ph169357
|2 czenas
|
| 650 |
0 |
7 |
|a psychodiagnostika
|7 ph115947
|2 czenas
|
| 650 |
0 |
9 |
|a homeopathy
|2 eczenas
|
| 650 |
0 |
9 |
|a homeopathic treatment
|2 eczenas
|
| 650 |
0 |
9 |
|a psychodiagnostics
|2 eczenas
|
| 655 |
|
7 |
|a příručky
|7 fd133209
|2 czenas
|
| 655 |
|
9 |
|a handbooks and manuals
|2 eczenas
|
| 700 |
1 |
|
|a Krhutová, Daiana
|7 xx0044904
|4 trl
|
| 765 |
1 |
|
|t Homeopathy for today's world
|9 Česky
|
| 910 |
2 |
|
|a BOA001
|b 2-1369.708
|
| 990 |
|
|
|a BK
|
| 995 |
|
|
|a 01
|
| 996 |
6 |
|
|b 2610676326
|c 2-1369.708
|l MZK
|r Sklad / do 1 hodiny
|n 0
|p p.v.
|w 001570060
|u 000010
|a 1
|e BOA001
|j MZK50
|s P
|
| 996 |
7 |
|
|b 2610678280
|c 2-1369.708
|l MZK
|r Sklad / do 1 hodiny
|n 4
|p kup
|w 001570060
|u 000020
|a 1
|e BOA001
|j MZK50
|s A
|